LEADER 02288nam 2200565Ia 450 001 9910777554003321 005 20230617005949.0 010 $a1-58729-481-8 035 $a(CKB)1000000000459797 035 $a(EBL)843102 035 $a(OCoLC)646887599 035 $a(SSID)ssj0000092636 035 $a(PQKBManifestationID)11111727 035 $a(PQKBTitleCode)TC0000092636 035 $a(PQKBWorkID)10012563 035 $a(PQKB)11488603 035 $a(MiAaPQ)EBC843102 035 $a(MdBmJHUP)muse9277 035 $a(Au-PeEL)EBL843102 035 $a(CaPaEBR)ebr10354433 035 $a(EXLCZ)991000000000459797 100 $a20030916d2004 ub 0 101 0 $aeng 135 $aur|||||||nn|n 181 $ctxt 182 $cc 183 $acr 200 10$a(Some of) the adventures of Carlyle, my imaginary friend$b[electronic resource] /$fby Dainis Hazners 210 $aIowa City $cUniversity of Iowa Press$dc2004 215 $a1 online resource (125 p.) 225 1 $aIowa poetry prize 300 $aDescription based upon print version of record. 311 $a0-87745-879-0 327 $aTable of Contents; Poetry begins 330 $aAt first glance these poems (which read like one long odyssey) seem sweet and peaceful-like taking a walk in the woods. But then, things turn darker: a storm blows in-and with it some Aliens, Ghost and Ghoul, the Hanging Man. Luckily, Carlyle has a few good friends such as Ruth, the Hag, the Boy, who are staunch and true and faithful. A whistling-in-the-dark suspense alternately stimulates and enervates the witness."Carlyle is spore, and mild. / He is swoon &sherbet." Endearing and kind, if not actually cruel, he is also cold and strange. He shapeshifts, transforming 410 0$aIowa poetry prize. 517 3 $aAdventures of Carlyle, my imaginary friend 606 $aAmerican poetry$y21st century 606 $aAmerican literature 615 0$aAmerican poetry 615 0$aAmerican literature. 676 $a811/.6 700 $aHazners$b Dainis$f1957-$01559311 801 0$bMiAaPQ 801 1$bMiAaPQ 801 2$bMiAaPQ 906 $aBOOK 912 $a9910777554003321 996 $aSome of) the adventures of Carlyle, my imaginary friend$93824297 997 $aUNINA LEADER 02092oas 22007093 450 001 9910133717503321 005 20251105213014.0 011 $a2373-1761 035 $a(OCoLC)847865178 035 $a(CONSER) 2014202568 035 $a(CKB)3280000000038828 035 $a(MiAaPQ)21956 035 $a(EXLCZ)993280000000038828 100 $a20130917a20099999 uy a 101 0 $aeng 135 $aurunu|||||||| 181 $ctxt$2rdacontent 182 $cc$2rdamedia 183 $acr$2rdacarrier 200 04$aThe journal of entrepreneurial finance 210 21$aMontrose, CA :$cAcademy of Entrepreneurial Finance,$d2009- 210 31$aMalibu, CA :$cPepperdine University, Graziadio School of Business and Management 215 $a1 online resource 311 08$a2373-1753 517 1 $aJEF 606 $aEntrepreneurship$vPeriodicals 606 $aFinance$vPeriodicals 606 $aEntrepreneurship$2fast$3(OCoLC)fst00912787 606 $aFinance$2fast$3(OCoLC)fst00924349 606 $aPetites et moyennes entreprises$zE?tats-Unis$xFinances$vPe?riodiques 606 $aEntrepreneuriat$zE?tats-Unis$xFinances$vPe?riodiques 606 $aEntrepreneuriat$vPe?riodiques 606 $aFinances$vPe?riodiques 608 $aPeriodicals.$2fast 615 0$aEntrepreneurship 615 0$aFinance 615 7$aEntrepreneurship. 615 7$aFinance. 615 6$aPetites et moyennes entreprises$xFinances 615 6$aEntrepreneuriat$xFinances 615 6$aEntrepreneuriat 615 6$aFinances 702 $aBrau$b James C. 712 02$aAcademy of Entrepreneurial Finance, 712 02$aGraziadio School of Business and Management. 801 0$bERD 801 1$bERD 801 2$bCUD 801 2$bDLC 801 2$bOCLCF 801 2$bOCLCO 801 2$bCUS 801 2$bOCLCQ 801 2$bOCLCO 801 2$bU3W 801 2$bOCLCQ 801 2$bADU 801 2$bOCLCL 906 $aJOURNAL 912 $a9910133717503321 996 $aThe journal of entrepreneurial finance$92357089 997 $aUNINA